Movies Quiz

Random Movies or Year Quiz

3-Word Movies of the Last 25 Years Quiz Stats

 Plays Quiz Updated Nov 1, 2019

Score 0/25 Timer 08:00
10 Plays Today
% Correct
The Lion King
99.3%
Men in Black
92.2%
La La Land
91.7%
The Hunger Games
90.7%
School of Rock
89.3%
A Bug's Life
86.3%
The Greatest Showman
85%
The Sixth Sense
79.8%
Romeo + Juliet
79.6%
50 First Dates
75.9%
Fantastic Mr. Fox
75.8%
Walk the Line
72.6%
I Am Legend
72.5%
% Correct
World War Z
72.1%
Bridget Jones's Diary
69.4%
Alice in Wonderland
67.6%
Quantum of Solace
62.3%
Avengers: Infinity War
61.9%
The Hateful Eight
61.8%
Remember the Titans
57.9%
28 Days Later
47.5%
Leaving Las Vegas
44.5%
Edge of Tomorrow
44.2%
X-Men: First Class
43.8%
Children of Men
42.6%

You're not logged in!

Compare scores with friends on all Sporcle quizzes.
OR
Log In

Sporcle TV

Today on Sporcle TV


Watch our educational content, quiz creation guides, and fun videos on Sporcle TV.

Show Comments

Extras

Top Quizzes Today


Score Distribution

Your Account Isn't Verified!

In order to create a playlist on Sporcle, you need to verify the email address you used during registration. Go to your Sporcle Settings to finish the process.

Report this User

Report this user for behavior that violates our Community Guidelines.

Details: